Verejnoprospešné funkcie lesov citeľne obmedzujú ich výnosovosť Na Slovensku je takmer 60 percent neštátnych lesov, ktoré sa postupne vracajú pôvodným vlastníkom

Dôvody zložitého obdobia lesného hospodárstva na Slovensku. Priebeh transformácie vlastníckych vzťahov k lesom na Slovensku. Nepriaznivý stav lesov. Reprivatizácia lesov. Riešenie hlavných problémov na základe dokumentov Stratégie a koncepcie rozvoja lesníctva a Zásad štátnej lesníckej politiky. Pos...

Ausführliche Beschreibung

Gespeichert in:
Bibliographische Detailangaben
1. Verfasser: Konôpka, J.
Format: Buchkapitel
Sprache:Slowakisch
Schlagworte:
Tags: Tag hinzufügen
Keine Tags, Fügen Sie das erste Tag hinzu!

MARC

LEADER 00000naa a2200000 4500
001 r019758
005 20221213101202.9
041 0 |a slo 
044 |a SK 
245 1 0 |a Verejnoprospešné funkcie lesov citeľne obmedzujú ich výnosovosť  |b Na Slovensku je takmer 60 percent neštátnych lesov, ktoré sa postupne vracajú pôvodným vlastníkom  |c J. Konôpka 
520 |a Dôvody zložitého obdobia lesného hospodárstva na Slovensku. Priebeh transformácie vlastníckych vzťahov k lesom na Slovensku. Nepriaznivý stav lesov. Reprivatizácia lesov. Riešenie hlavných problémov na základe dokumentov Stratégie a koncepcie rozvoja lesníctva a Zásad štátnej lesníckej politiky. Postavenie Slovenskej lesníckej komory, ktorá je stavovskou lesníckou organizáciou. Prehľad úloh, ktoré bude lesníctvo riešiť v roku 1995. 
610 2 0 |a lesníctvo 
610 2 0 |a hospodárstvo lesné 
610 2 0 |a transformácia 
610 2 0 |a reprivatizácia 
610 2 0 |a Slovensko 
610 2 0 |a lesy 
610 2 0 |a vlastníctvo súkromné 
610 2 0 |a vlastníctvo štátne 
610 2 0 |a vzťahy vlastnícke 
100 1 |a Konôpka, J.